[Event "Tenerife-chT Primera"]
[Site "Tenerife"]
[Date "2022.04.30"]
[Round "10.2"]
[White "Rodriguez Miranda, Sergio"]
[Black "Mariani, Romeo"]
[Result "1-0"]
[WhiteElo "1898"]
[BlackElo "1306"]
[PlyCount "33"]
[EventDate "2022.01.29"]
[EventType "team-tourn"]
[EventRounds "14"]
[EventCountry "ESP"]
[SourceTitle "EXT 2024"]
[Source "ChessBase"]
[SourceDate "2023.10.10"]
[SourceVersion "1"]
[SourceVersionDate "2023.10.10"]
[SourceQuality "1"]
[WhiteTeam "Ebano Barrio Nuevo II"]
[BlackTeam "Santa Ursula Badnor"]
[WhiteTeamCountry "ESP"]
[BlackTeamCountry "ESP"]

1. d4 Nf6 2. c4 d5 3. cxd5 Nxd5 4. Nc3 e6 5. g3 c5 6. Bg2 b6 7. Nxd5 exd5 8. dxc5 Qc7 9. Qxd5 Na6 10. Qxa8 Nxc5 11. Qc6+ Qd7 12. Qxd7+ Bxd7 13. Nf3 Be7 14. 0-0 0-0 15. Be3 Bb5 16. Nd4 Ba6 17. b4 1-0

[Event "Tenerife-chT Primera"]
[Site "Tenerife"]
[Date "2022.03.05"]
[Round "5.1"]
[White "Rodriguez Miranda, Sergio"]
[Black "Ramirez Alvarez, Roberto"]
[Result "1/2-1/2"]
[WhiteElo "1898"]
[BlackElo "1968"]
[PlyCount "112"]
[EventDate "2022.01.29"]
[EventType "team-tourn"]
[EventRounds "14"]
[EventCountry "ESP"]
[SourceTitle "EXT 2024"]
[Source "ChessBase"]
[SourceDate "2023.10.10"]
[SourceVersion "1"]
[SourceVersionDate "2023.10.10"]
[SourceQuality "1"]
[WhiteTeam "Ebano Barrio Nuevo II"]
[BlackTeam "Playa San Juan"]
[WhiteTeamCountry "ESP"]
[BlackTeamCountry "ESP"]

1. d4 Nf6 2. c4 d6 3. Nc3 e5 4. dxe5 dxe5 5. Qxd8+ Kxd8 6. Bg5 c6 7. Nf3 Nbd7 8. g3 h6 9. Bxf6+ gxf6 10. Bg2 Kc7 11. 0-0 a5 12. b3 Nc5 13. Rab1 Bf5 14. Rb2 Be7 15. a3 Na6 16. Ra1 Be6 17. Bf1 Rhd8 18. Nd1 Bc5 19. Nc3 Be7 20. e3 Nc5 21. Ne1 f5 22. Rab1 Ne4 23. Nxe4 fxe4 24. b4 axb4 25. axb4 b6 26. Kg2 f5 27. f3 exf3+ 28. Kxf3 Bf6 29. Kf2 f4 30. Ng2 fxg3+ 31. hxg3 Bg5 32. Ke1 Bf5 33. Rc1 Ra3 34. Kf2 Be4 35. Re1 Bd3 36. Bxd3 Rdxd3 37. Kf3 Rab3 38. Ree2 Kd6 39. Red2 Ke6 40. Rxb3 Rxb3 41. c5 bxc5 42. bxc5 Be7 43. Ne1 Bxc5 44. Nd3 Bd6 45. Nf2 Bc5 46. Nd3 Bb6 47. g4 c5 48. Nc1 Ra3 49. Rh2 Kd5 50. Rxh6 Ba7 51. Rh2 c4 52. Rd2+ Ke6 53. Re2 Kd5 54. Rd2+ Ke6 55. Re2 Kd5 56. Rd2+ Ke6 1/2-1/2

[Event "Tenerife-chT Preferente"]
[Site "Tenerife"]
[Date "2022.02.19"]
[Round "4.4"]
[White "Mamani Beltran, Daniel"]
[Black "Rodriguez Miranda, Sergio"]
[Result "1/2-1/2"]
[WhiteElo "1994"]
[BlackElo "1898"]
[PlyCount "82"]
[EventDate "2022.01.29"]
[EventType "team-tourn"]
[EventRounds "14"]
[EventCountry "ESP"]
[SourceTitle "EXT 2024"]
[Source "ChessBase"]
[SourceDate "2023.10.10"]
[SourceVersion "1"]
[SourceVersionDate "2023.10.10"]
[SourceQuality "1"]
[WhiteTeam "Fundacion La Caja de Canarias"]
[BlackTeam "Ebano Barrio Nuevo"]
[WhiteTeamCountry "ESP"]
[BlackTeamCountry "ESP"]

1. d4 Nf6 2. Nf3 g6 3. c4 Bg7 4. Nc3 0-0 5. e4 d6 6. Be2 e5 7. Be3 a5 8. d5 Na6 9. Nd2 Ne8 10. a3 f5 11. f3 f4 12. Bf2 Bd7 13. g4 fxg3 14. hxg3 Qf6 15. b4 h5 16. c5 Bh6 17. Nc4 Bg4 18. 0-0 Bh3 19. Re1 g5 20. Nxa5 g4 21. Kh2 gxf3 22. Kxh3 fxe2 23. Rxe2 Nxc5 24. Nc4 Nd7 25. Na5 b6 26. Nc6 Qg7 27. Kg2 Nef6 28. Be3 Ng4 29. Bxh6 Nxh6 30. Qd3 Ng4 31. Nd1 Rf7 32. Nf2 h4 33. Nxg4 Qxg4 34. Rh1 hxg3 35. Rh3 Rg7 36. Rxg3 Rxa3 37. Ne7+ Kh7 38. Rxg4 Rxg4+ 39. Kh3 Rxd3+ 40. Kxg4 Kg7 41. Nf5+ Kg6 1/2-1/2

[Event "Tenerife-chT Primera"]
[Site "Tenerife"]
[Date "2021.09.18"]
[Round "11.1"]
[White "Rodriguez Miranda, Sergio"]
[Black "Rodriguez Garcia, Joel I"]
[Result "1-0"]
[WhiteElo "1879"]
[BlackElo "1299"]
[PlyCount "120"]
[EventDate "2021.02.27"]
[EventType "team-tourn"]
[EventRounds "14"]
[EventCountry "ESP"]
[SourceTitle "EXT 2023"]
[Source "ChessBase"]
[SourceDate "2022.10.05"]
[SourceVersion "1"]
[SourceVersionDate "2022.10.05"]
[SourceQuality "1"]
[WhiteTeam "Ebano Barrio Nuevo II"]
[BlackTeam "Santa Ursula Badnor"]
[WhiteTeamCountry "ESP"]
[BlackTeamCountry "ESP"]

1. d4 d5 2. c4 e6 3. Nc3 Nf6 4. cxd5 exd5 5. Bg5 Be7 6. Qc2 c6 7. e3 Be6 8. Bd3 Nbd7 9. Nf3 Rc8 10. 0-0 h6 11. Bh4 0-0 12. Rab1 c5 13. dxc5 Nxc5 14. Nd4 Nxd3 15. Qxd3 Qd7 16. Rfc1 Rc4 17. b3 Rcc8 18. Qb5 Qxb5 19. Ncxb5 a6 20. Nc7 Bd6 21. Bxf6 gxf6 22. Ncxe6 Rxc1+ 23. Rxc1 fxe6 24. Nxe6 Rb8 25. Rd1 Kf7 26. Nd4 Kg6 27. f4 Rc8 28. g4 h5 29. h3 Bc5 30. Nf5 Rd8 31. Kf2 b6 32. Kf3 a5 33. Nd4 Bxd4 34. Rxd4 hxg4+ 35. hxg4 f5 36. g5 Kf7 37. Rd2 b5 38. Rg2 Rh8 39. Rg3 Kg6 40. a3 Rh1 41. a4 bxa4 42. bxa4 Rf1+ 43. Ke2 Ra1 44. Rh3 Rxa4 45. Rh6+ Kf7 46. Rf6+ Kg7 47. Rxf5 d4 48. exd4 Rxd4 49. Ke3 Rd6 50. Rxa5 Kg6 51. Ke4 Re6+ 52. Kf3 Rb6 53. Kg4 Rb4 54. Ra6+ Kf7 55. g6+ Kg7 56. Kg5 Rb3 57. Ra7+ Kg8 58. f5 Rb5 59. Kf6 Rb6+ 60. Kg5 Rb5 1-0

[Event "Tenerife-chT Primera"]
[Site "Tenerife"]
[Date "2021.02.27"]
[Round "1.1"]
[White "Diaz Reyes, Franklin"]
[Black "Rodriguez Miranda, Sergio"]
[Result "1/2-1/2"]
[WhiteElo "1810"]
[BlackElo "1879"]
[PlyCount "46"]
[EventDate "2021.02.27"]
[EventType "team-tourn"]
[EventRounds "14"]
[EventCountry "ESP"]
[SourceTitle "EXT 2023"]
[Source "ChessBase"]
[SourceDate "2022.10.05"]
[SourceVersion "1"]
[SourceVersionDate "2022.10.05"]
[SourceQuality "1"]
[WhiteTeam "Fundacion La Caja de Canarias II"]
[BlackTeam "Ebano Barrio Nuevo II"]
[WhiteTeamCountry "ESP"]
[BlackTeamCountry "ESP"]

1. e4 e6 2. Nf3 d5 3. exd5 exd5 4. d4 Bd6 5. c4 c6 6. Bd3 Ne7 7. 0-0 0-0 8. Nc3 h6 9. c5 Bc7 10. h3 Bf5 11. Re1 Bxd3 12. Qxd3 Nd7 13. b4 Ng6 14. g3 Qf6 15. Kg2 b5 16. a4 a6 17. Bd2 Rfc8 18. Ra2 Ndf8 19. Rea1 Rab8 20. axb5 axb5 21. Ra6 Ne7 22. Ne2 Nfg6 23. Ra7 Kf8 1/2-1/2

[Event "Tenerife-chT Primera 1920"]
[Site "Tenerife "]
[Date "2020.01.25"]
[Round "5.4"]
[White "Rodriguez Miranda, Sergio"]
[Black "Martin Lucilla, Antonio Nicolas"]
[Result "0-1"]
[WhiteElo "1899"]
[BlackElo "1517"]
[PlyCount "56"]
[EventDate "2019.11.30"]
[EventType "team-tourn"]
[EventRounds "14"]
[EventCountry "ESP"]
[SourceTitle "CBM 195 Extra"]
[Source "ChessBase"]
[SourceDate "2020.05.31"]
[SourceVersion "1"]
[SourceVersionDate "2020.05.31"]
[SourceQuality "1"]
[WhiteTeam "Ebano Barrio Nuevo II"]
[BlackTeam "La Victoria 94"]
[WhiteTeamCountry "ESP"]
[BlackTeamCountry "ESP"]

1. d4 d5 2. c4 e6 3. Nc3 c5 4. cxd5 exd5 5. Nf3 Nc6 6. g3 Nf6 7. Bg2 Be7 8. 0-0 0-0 9. a3 Bg4 10. Be3 Rc8 11. Qa4 Qb6 12. Rab1 Bxf3 13. dxc5 Bxc5 14. Bxc5 Qxc5 15. Bxf3 Rfd8 16. Rfd1 Ne5 17. Bg2 d4 18. Ne4 Nxe4 19. Bxe4 b5 20. Qa5 Ng4 21. h3 Nxf2 22. Kxf2 d3+ 23. Kg2 f5 24. Bxd3 Qd5+ 25. Kh2 Re8 26. Bc4 Qxc4 27. e3 Qe2+ 28. Kh1 Rc2 0-1

[Event "San Cristobal de La Laguna op 2nd"]
[Site "San Cristobal de la Laguna"]
[Date "2019.09.07"]
[Round "8"]
[White "Rodriguez Miranda, Sergio"]
[Black "Villagran Carrasco, Juan Carlos"]
[Result "0-1"]
[WhiteElo "1898"]
[BlackElo "2086"]
[PlyCount "72"]
[EventDate "2019.08.31"]
[EventType "swiss"]
[EventRounds "9"]
[EventCountry "ESP"]
[SourceTitle "EXT 2020"]
[Source "ChessBase"]
[SourceDate "2019.10.17"]
[SourceVersion "1"]
[SourceVersionDate "2019.10.17"]
[SourceQuality "1"]

1. d4 d6 2. c4 e5 3. Nc3 Nd7 4. Nf3 Ngf6 5. g3 Be7 6. Bg2 0-0 7. 0-0 c6 8. Qc2 Re8 9. Rd1 Qc7 10. e4 a6 11. a4 a5 12. b3 exd4 13. Nxd4 Nc5 14. h3 Na6 15. Ba3 Nb4 16. Bxb4 axb4 17. Na2 Qa5 18. Qd2 Bf8 19. Re1 Qh5 20. g4 Qa5 21. Rad1 d5 22. cxd5 cxd5 23. exd5 Rxe1+ 24. Rxe1 Nxd5 25. Nb5 Nf6 26. g5 Nh5 27. Nd6 Be6 28. Nxb7 Qc7 29. Qc1 Qxc1 30. Rxc1 Nf4 31. Bf1 Bxb3 32. Nxb4 Rb8 33. a5 Rxb7 34. Nc6 Bd5 35. a6 Rb2 36. a7 Ra2 0-1

[Event "Canarias-ch U18"]
[Site "Santa Cruz de Tenerife"]
[Date "2018.05.11"]
[Round "3"]
[White "Rodriguez Miranda, Sergio"]
[Black "Gil Ojeda, Jorge"]
[Result "1/2-1/2"]
[WhiteElo "1992"]
[BlackElo "1873"]
[PlyCount "27"]
[EventDate "2018.05.10"]
[EventType "swiss"]
[EventRounds "6"]
[EventCountry "ESP"]
[SourceTitle "EXT 2022"]
[Source "ChessBase"]
[SourceDate "2021.10.06"]
[SourceVersion "1"]
[SourceVersionDate "2021.10.06"]
[SourceQuality "1"]

1. Nf3 Nf6 2. b4 g6 3. Bb2 Bg7 4. e3 0-0 5. Be2 d6 6. 0-0 e5 7. c4 c6 8. d3 Nfd7 9. Qb3 Qe7 10. Nbd2 Na6 11. a3 Nc7 12. e4 Kh8 13. d4 Ne6 14. dxe5 1/2-1/2

[Event "Isla de la Palma Semana Santa op 3rd"]
[Site "Isla de la Palma"]
[Date "2018.03.26"]
[Round "4"]
[White "Rodriguez Miranda, Sergio"]
[Black "Morcuende Hurtado, Miguel Angel"]
[Result "1-0"]
[WhiteElo "1889"]
[BlackElo "1669"]
[PlyCount "39"]
[EventDate "2018.03.24"]
[EventType "swiss"]
[EventRounds "7"]
[EventCountry "ESP"]
[SourceTitle "CBM 183 Extra"]
[Source "ChessBase"]
[SourceDate "2018.04.19"]
[SourceVersion "1"]
[SourceVersionDate "2018.04.19"]
[SourceQuality "1"]

1. d4 Nf6 2. c4 e6 3. Nc3 Bb4 4. f3 c5 5. d5 b5 6. e4 bxc4 7. Bxc4 Ba6 8. Bxa6 Nxa6 9. Qd3 Qa5 10. Nge2 Rc8 11. Qc4 0-0 12. 0-0 exd5 13. exd5 h6 14. Ng3 Bxc3 15. bxc3 Nc7 16. Rd1 Qa6 17. Qxa6 Nxa6 18. Bf4 c4 19. Nf5 Ne8 20. Ne7+ 1-0

[Event "Isla de la Palma Semana Santa op 3rd"]
[Site "Isla de la Palma"]
[Date "2018.03.25"]
[Round "2"]
[White "Rodriguez Miranda, Sergio"]
[Black "Garcia Padron, Jose"]
[Result "0-1"]
[WhiteElo "1889"]
[BlackElo "2414"]
[PlyCount "60"]
[EventDate "2018.03.24"]
[EventType "swiss"]
[EventRounds "7"]
[EventCountry "ESP"]
[SourceTitle "CBM 183 Extra"]
[Source "ChessBase"]
[SourceDate "2018.04.19"]
[SourceVersion "1"]
[SourceVersionDate "2018.04.19"]
[SourceQuality "1"]

1. d4 d5 2. c4 dxc4 3. Nf3 Nf6 4. e3 e6 5. Bxc4 a6 6. a4 c5 7. 0-0 Nc6 8. Nc3 Qc7 9. Qe2 Bd6 10. dxc5 Bxc5 11. Rd1 b6 12. h3 Bb7 13. e4 Nd7 14. Be3 Nb4 15. Rac1 0-0 16. Na2 Nxa2 17. Bxa2 a5 18. Nd4 Rad8 19. Nb5 Qe5 20. Bb1 Bxe3 21. Qxe3 Qxb2 22. Nd6 Ba8 23. Nc4 Qb4 24. Rd6 Rc8 25. Rxd7 Rxc4 26. Rxc4 Qxc4 27. Qxb6 Qxa4 28. Rd8 Bc6 29. e5 Re8 30. Bd3 g6 0-1

[Event "Santa Cruz La Palma Christmas op"]
[Site "Santa Cruz de La Palma"]
[Date "2017.12.19"]
[Round "4.2"]
[White "Rodriguez Miranda, Sergio"]
[Black "Batista Yanez, Jair"]
[Result "1/2-1/2"]
[WhiteElo "1778"]
[BlackElo "2010"]
[PlyCount "27"]
[EventDate "2017.12.16"]
[EventType "swiss"]
[EventRounds "7"]
[EventCountry "ESP"]
[SourceTitle "EXT 2024"]
[Source "ChessBase"]
[SourceDate "2023.10.10"]
[SourceVersion "1"]
[SourceVersionDate "2023.10.10"]
[SourceQuality "1"]

1. d4 f5 2. Nc3 Nf6 3. Bg5 d5 4. e3 g6 5. Nf3 Bg7 6. h4 Be6 7. Be2 Nbd7 8. Bxf6 exf6 9. Qd2 Nb6 10. Nh2 h5 11. 0-0-0 Qd7 12. f3 0-0-0 13. Bd3 Kb8 14. Kb1 1/2-1/2

[Event "Canarias-chT"]
[Site "Arrecife de Lanzarote"]
[Date "2016.06.26"]
[Round "6.4"]
[White "Rodriguez Miranda, Sergio"]
[Black "Sanchez Orozco, Edward Steven"]
[Result "1-0"]
[WhiteElo "1827"]
[BlackElo "1291"]
[PlyCount "69"]
[EventDate "2016.06.23"]
[EventType "team-swiss"]
[EventRounds "6"]
[EventCountry "ESP"]
[SourceTitle "EXT 2021"]
[Source "ChessBase"]
[SourceDate "2020.10.23"]
[SourceVersion "1"]
[SourceVersionDate "2020.10.23"]
[SourceQuality "1"]
[WhiteTeam "Brenadrez"]
[BlackTeam "Sociedad Democracia"]
[WhiteTeamCountry "ESP"]
[BlackTeamCountry "ESP"]

1. d4 d5 2. c4 e6 3. Nc3 Nf6 4. cxd5 exd5 5. Bg5 Be7 6. Qc2 h6 7. Bh4 b6 8. e3 Bb7 9. Nf3 Nbd7 10. Bd3 c5 11. 0-0 Qc7 12. Bg3 Qd8 13. h3 0-0 14. b3 Re8 15. Nb5 a6 16. Nc7 Rc8 17. Nxe8 cxd4 18. Nxf6+ Bxf6 19. Qe2 dxe3 20. fxe3 Bxa1 21. Rxa1 b5 22. Nd4 Qg5 23. Bf4 Qf6 24. Rf1 Qe7 25. Qg4 Nf6 26. Qf3 Rc3 27. Bb1 Ne4 28. Bxe4 Qxe4 29. Qxe4 dxe4 30. Rf2 g5 31. Be5 Rc5 32. Bf6 Rd5 33. Nf5 Kh7 34. Bd4 Kg6 35. Ne7+ 1-0

[Event "Canarias-ch U18"]
[Site "Vecindario"]
[Date "2016.05.28"]
[Round "2.6"]
[White "Donate Villalba, Juan Francisco"]
[Black "Rodriguez Miranda, Sergio"]
[Result "1/2-1/2"]
[WhiteElo "1724"]
[BlackElo "1747"]
[PlyCount "100"]
[EventDate "2016.05.27"]
[EventType "swiss"]
[EventRounds "6"]
[EventCountry "ESP"]
[SourceTitle "EXT 2024"]
[Source "ChessBase"]
[SourceDate "2023.10.10"]
[SourceVersion "1"]
[SourceVersionDate "2023.10.10"]
[SourceQuality "1"]

1. e4 e6 2. d4 d5 3. exd5 exd5 4. Nf3 Bg4 5. Be2 Bd6 6. Bg5 f6 7. Bh4 Ne7 8. Bg3 Nbc6 9. c3 Qd7 10. Nbd2 0-0-0 11. Nb3 Rde8 12. Bxd6 cxd6 13. Qd3 Ng6 14. g3 Qe6 15. Kd2 Qxe2+ 16. Qxe2 Rxe2+ 17. Kxe2 Re8+ 18. Kd2 Bxf3 19. Rhe1 Re4 20. Re3 Bg2 21. Rae1 Kd7 22. f3 Re7 23. h4 Bh3 24. h5 Nf8 25. g4 f5 26. Rg1 fxg4 27. fxg4 Rxe3 28. Kxe3 Ne6 29. Nc1 Ne7 30. Nd3 Ng8 31. Nf2 Ng5 32. Kf4 h6 33. Kg3 Nf6 34. Nxh3 Nfe4+ 35. Kg2 Nxh3 36. Kxh3 b5 37. Rf1 Ke7 38. Kg2 a6 39. Re1 Kf6 40. Kf3 Kg5 41. Re2 a5 42. a3 a4 43. Rg2 Nf6 44. Kg3 Ne4+ 45. Kh3 Kf4 46. Kh4 Kf3 47. Rg1 Kf2 48. Rc1 Ng5 49. Rc2+ Ke3 50. Rc1 Kf2 1/2-1/2

[Event "Las Palmas Montalvo Memorial 9th"]
[Site "Las Palmas"]
[Date "2016.03.21"]
[Round "1"]
[White "Rodriguez Miranda, Sergio"]
[Black "Larino Nieto, David"]
[Result "0-1"]
[WhiteElo "1721"]
[BlackElo "2495"]
[PlyCount "110"]
[EventDate "2016.03.21"]
[EventType "swiss"]
[EventRounds "9"]
[EventCountry "ESP"]
[SourceTitle "CBM 171 Extra"]
[Source "ChessBase"]
[SourceDate "2016.04.26"]
[SourceVersion "1"]
[SourceVersionDate "2016.04.26"]
[SourceQuality "1"]

1. d4 a6 2. g3 h5 3. Nf3 b5 4. Bg2 Bb7 5. c3 Nf6 6. Bf4 Qc8 7. Nbd2 h4 8. 0-0 d6 9. Re1 Nd5 10. e3 h3 11. Bh1 Nd7 12. Qc2 c5 13. Rac1 c4 14. b3 N7b6 15. bxc4 Nxc4 16. Nxc4 Qxc4 17. Nd2 Qc7 18. Qb3 e6 19. a4 Be7 20. axb5 axb5 21. c4 Nxf4 22. Qxb5+ Kf8 23. Qxb7 Qxb7 24. Bxb7 Rb8 25. Be4 Nh5 26. Rb1 Rc8 27. Rec1 f5 28. Bf3 Nf6 29. Rb5 Kf7 30. e4 g6 31. e5 dxe5 32. dxe5 Nd7 33. Nb3 Rc7 34. Rd1 Rd8 35. Kf1 Rxc4 36. Rb7 Nxe5 37. Rxd8 Nxf3 38. Rh8 Nxh2+ 39. Ke2 Re4+ 40. Kd3 Kf6 41. Nd2 Re1 42. Rh7 Bc5 43. Rbf7+ Ke5 44. Rxh3 Ng4 45. Nf3+ Kd5 46. Nxe1 Nxf2+ 47. Ke2 Nxh3 48. Rg7 g5 49. Nf3 g4 50. Rd7+ Bd6 51. Nd2 Kc6 52. Ra7 Bxg3 53. Ra6+ Kd7 54. Ra3 Bc7 55. Nf1 Kd6 0-1

[Event "Canarias-chT"]
[Site "Vecindario"]
[Date "2015.06.12"]
[Round "2.3"]
[White "Monzon Aleman, Ayoze"]
[Black "Rodriguez Miranda, Sergio"]
[Result "1-0"]
[WhiteElo "1687"]
[BlackElo "1851"]
[PlyCount "95"]
[EventDate "2015.06.11"]
[EventType "team-swiss"]
[EventRounds "6"]
[EventCountry "ESP"]
[SourceTitle "EXT 2024"]
[Source "ChessBase"]
[SourceDate "2023.10.10"]
[SourceVersion "1"]
[SourceVersionDate "2023.10.10"]
[SourceQuality "1"]
[WhiteTeam "Grandama Santa Lucia"]
[BlackTeam "Cajacanarias de La Palma"]
[WhiteTeamCountry "ESP"]
[BlackTeamCountry "ESP"]

1. e4 e6 2. d4 d5 3. exd5 exd5 4. Nf3 Bg4 5. h3 Bh5 6. Be2 Nc6 7. 0-0 Qd7 8. a3 0-0-0 9. Be3 f6 10. b4 Re8 11. Nbd2 Nge7 12. c4 dxc4 13. Nxc4 Nd5 14. Qd2 Bd6 15. Nfe5 Nxe5 16. Nxe5 Bxe5 17. Bxh5 g6 18. dxe5 gxh5 19. Rad1 Rxe5 20. Bf4 Rf5 21. Bg3 Rd8 22. Qc2 Rg5 23. Rc1 Rg7 24. Rfd1 h4 25. Bxc7 Qxc7 26. Qf5+ Rgd7 27. Rxc7+ Kxc7 28. Qg4 b6 29. Qxh4 Kb8 30. a4 Kb7 31. a5 b5 32. Qg3 Kc6 33. h4 Nxb4 34. Qc3+ Kb7 35. Rxd7+ Rxd7 36. Qxb4 a6 37. g4 Kc6 38. Qc3+ Kd5 39. Qxf6 Rd6 40. Qf7+ Kc5 41. Qxh7 b4 42. Qc2+ Kb5 43. g5 Kxa5 44. Qc5+ Ka4 45. Qxd6 b3 46. Qxa6+ Kb4 47. g6 b2 48. Qb7+ 1-0

[Event "Canarias-ch U14"]
[Site "San Bartolome de Tirajana"]
[Date "2015.04.11"]
[Round "4"]
[White "Cubas Cabrera, Angel Luis"]
[Black "Rodriguez Miranda, Sergio"]
[Result "1-0"]
[WhiteElo "1798"]
[BlackElo "1870"]
[PlyCount "73"]
[EventDate "2015.04.10"]
[EventType "swiss"]
[EventRounds "7"]
[EventCountry "ESP"]
[SourceTitle "EXT 2024"]
[Source "ChessBase"]
[SourceDate "2023.10.10"]
[SourceVersion "1"]
[SourceVersionDate "2023.10.10"]
[SourceQuality "1"]

1. d4 Nf6 2. c4 d6 3. Nc3 g6 4. Nf3 Bg7 5. g3 0-0 6. Bg2 c6 7. 0-0 Bf5 8. Ne1 Na6 9. e4 Be6 10. Qe2 Qb6 11. d5 Bg4 12. Nf3 Nc7 13. h3 Bxf3 14. Bxf3 e6 15. dxc6 bxc6 16. Bf4 Rfd8 17. Rfd1 Nce8 18. e5 dxe5 19. Bxe5 Qc5 20. Na4 Qa5 21. Bxc6 Rac8 22. Rxd8 Rxc6 23. Bxf6 Bxf6 24. Rxe8+ Kg7 25. Nc3 Rb6 26. Rc1 Qb4 27. Rd1 Rb7 28. Rdd8 Bxd8 29. Rxd8 Rc7 30. Qe5+ Kh6 31. Qxc7 Qxb2 32. Qf4+ Kg7 33. Ne4 Qb1+ 34. Kg2 Qxa2 35. Rd7 Qxc4 36. Qxf7+ Kh6 37. Qxh7# 1-0

[Event "Canarias-ch U14"]
[Site "San Bartolome de Tirajana"]
[Date "2015.04.11"]
[Round "3"]
[White "Rodriguez Miranda, Sergio"]
[Black "Rodriguez Sabater, Lucia Iris"]
[Result "1-0"]
[WhiteElo "1870"]
[BlackElo "1510"]
[PlyCount "63"]
[EventDate "2015.04.10"]
[EventType "swiss"]
[EventRounds "7"]
[EventCountry "ESP"]
[SourceTitle "EXT 2024"]
[Source "ChessBase"]
[SourceDate "2023.10.10"]
[SourceVersion "1"]
[SourceVersionDate "2023.10.10"]
[SourceQuality "1"]

1. d4 d5 2. c4 e5 3. dxe5 d4 4. Nf3 c5 5. g3 Nc6 6. Bg2 Nge7 7. 0-0 Ng6 8. b3 Ncxe5 9. Bb2 Nxf3+ 10. Bxf3 Be7 11. e3 Bf6 12. exd4 cxd4 13. Re1+ Ne7 14. Bd5 0-0 15. Bxd4 Nxd5 16. cxd5 Qxd5 17. Bxf6 Qxd1 18. Rxd1 gxf6 19. Nc3 Bh3 20. f3 Bf5 21. Rd6 Kg7 22. Nd5 Be6 23. Nf4 Rfe8 24. Re1 Rac8 25. Nxe6+ fxe6 26. Rd7+ Kg8 27. Rxb7 a5 28. Re2 Ra8 29. Rc7 Ra6 30. Rd2 e5 31. Rdd7 Ree6 32. Rd8+ 1-0